000 00289pab a2200109 454500
008 180718b xxu||||| |||| 00| 0 eng d
100 _aAgarwal, A.K
245 _aQuality in health services
650 _aHealth Services
773 _aHealth and Population - Perspective and Issues
909 _a2315
999 _c2315
_d2315